000 00555nam a22001697a 4500
005 20251108164253.0
008 250721s1997 xx 000 0 ara d
082 1 4 _a329.9565/مرك
100 1 _aالنجداوي، أحمد
245 1 0 _aالتحديات التي تواجه العمل الحزبي في الأردن /
264 1 _aعمان :
_bمركز الريادة للمعلومات و الدراسات،
_c1997.
300 _a244ص.
650 1 7 _aالأحزاب السياسية
650 1 7 _aالأردن
942 _2ddc
_cBK
999 _c8001
_d8001